| 000 | 00395nam a2200157Ia 4500 | ||
|---|---|---|---|
| 008 | 230917s9999||||xx |||||||||||||| ||und|| | ||
| 020 | _cRS7.5 | ||
| 040 |
_e40636 _aMAIN |
||
| 041 | _aEnglish | ||
| 082 | _a823.7 D555C | ||
| 100 | _aDickens, Charles | ||
| 245 | 0 | _aComic world of Dickens | |
| 260 |
_aLondon _bJohn Murray fifty Albemarle Street _c1964 |
||
| 300 | _axi, 351 p. | ||
| 942 | _cBK | ||
| 999 |
_c189380 _d189380 |
||